| 000 | 00937nam a2200229 a 4500 | ||
|---|---|---|---|
| 001 | 49114 | ||
| 003 | BD-RjUL | ||
| 005 | 20211209054633.0 | ||
| 008 | 160817s1930 ii ||||| |||| 00| 0 ben d | ||
| 020 | _c: Tk. 1.00 | ||
| 035 | _a(BD-RjUL)49233 | ||
| 040 |
_aBD-RjUL _bben _cBD-RjUL |
||
| 041 | _aben | ||
| 082 |
_223 _a891.4409 _bSES 1930 |
||
| 100 |
_aসেনগুপ্ত, সুবোধচন্দ্র. _9147717 |
||
| 245 | 1 | 0 |
_aশরৎ-প্রতিভা / _cসুবোধচন্দ্র সেনগুপ্ত |
| 260 |
_aকলিকাতা : _bবিভূতিভূষণ চট্টোপাধ্যায়, _c১৯৩০ (১৩৩৭) |
||
| 300 |
_a[৬], ১১০ পৃ. ; _c১৬ সেমি. |
||
| 650 |
_aবাংলা সাহিত্য _xইতিহাস ও সমালোচনা _9147718 |
||
| 650 |
_aBengali Literature _xHistory and Criticism _9147719 |
||
| 942 |
_2ddc _cBK |
||
| 999 |
_c49114 _d49114 |
||